CS: GO Weapons, Gear, Teams, + Explosives - Statistics

General Stats
  • This quiz has been taken 2,126 times
  • The average score is 35 of 59
Answer Stats
Hint Answer % Correct
Rifle T Side AK-47
90%
Pistol T Side Glock-18
86%
Pistol CT Side USP-S
85%
Pistol T Side Desert Eagle
84%
Pistol CT Side Desert Eagle
84%
Rifle CT Side M4A4
83%
Rifle T Side AWP
82%
Rifle CT Side AWP
82%
Rifle CT Side M4A1-S
82%
Heavy T Side Negev
80%
Heavy CT Side Negev
80%
Pistol T Side P250
76%
Pistol CT Side P250
76%
Rifle T Side SSG 08
75%
Rifle CT Side SSG 08
75%
Pistol CT Side Five-Seven
72%
Pistol T Side Tec-9
70%
SMG CT Side MP9
69%
Pistol CT Side P2000
69%
SMG T Side MP7
68%
SMG CT Side MP7
68%
Heavy T Side Nova
67%
Heavy CT Side Nova
67%
Rifle T Side Galil AR
64%
SMG T Side MAC-10
64%
Heavy T Side XM1014
63%
Heavy CT Side XM1014
63%
Rifle CT Side FAMAS
62%
Heavy CT Side Mag-7
62%
SMG T Side P90
61%
SMG CT Side P90
61%
Melee Knife
59%
Explosives Molotov
59%
Explosives Smoke Grenade
59%
Rifle T Side SG 553
58%
Rifle CT Side SCAR-20
57%
Explosives Flashbang
56%
Hevy T Side M249
56%
Heavy CT Side M249
56%
Rifle CT Side AUG
53%
SMG T Side UMP-45
53%
SMG CT Side UMP-45
53%
Heavy T Side Sawed Off Shotgun
51%
Pistol T Side CZ75-Auto
45%
Pistol CT Side CZ75-Auto
45%
SMG T Side PP-Bizon
43%
SMG CT Side PP-Bizon
43%
Teams Terrorist (T)
43%
Teams Counter-Terrorist (CT)
41%
Explosives Decoy Grenade
39%
Pistol T Side Dual Berettas
36%
Pistol CT Side Dual Berettas
36%
Rifle T Side G3SG1
34%
Explosives High Explosive Grenade
34%
Gear Kevlar
33%
Melee Zeus x27
33%
Explosives C4
26%
Explosives Incendiary Grenade
25%
Gear Defuse Kit
24%
No matching quizzes found
Score Distribution
Percent of People with Each Score
Percentile by Number Answered
Your Score History
You have not taken this quiz